000 00356nam a2200145Ia 4500
008 230917s9999||||xx |||||||||||||| ||und||
040 _e150502
_aMAIN
041 _aEnglish
082 _a859.9208 D858C
100 _aDuckworth, George E
245 0 _aComplete Roman drama, 2V
260 _aNew York
_bRahdom House
_c1942
300 _a905 p.
942 _cBK
999 _c95809
_d95809